2018 F1 Grid - Statistics

General Stats
  • This quiz has been taken 90 times
  • The average score is 17 of 20
Answer Stats
Team Nationality Answer % Correct
Ferrari German Sebastian Vettel
100%
Ferrari Finnish Kimi Raikkonen
99%
Red Bull Australian Daniel Ricciardo
95%
McLaren Spanish Fernando Alonso
95%
Red Bull Dutch Max Verstappen
95%
Williams Canadian Lance Stroll
93%
Mercedes British Lewis Hamilton
93%
Force India Mexican Sergio Perez
93%
Mercedes Finnish Valtteri Bottas
93%
Sauber Monégasque Charles Leclerc
92%
Haas Danish Kevin Magnussen
90%
Force India French Esteban Ocon
89%
Toro Rosso French Pierre Gasly
88%
Renault Spanish Carlos Sainz
86%
Renault German Nico Hulkenberg
86%
Haas French Romain Grosjean
84%
Sauber Swedish Marcus Ericsson
59%
McLaren Belgian Stoffel Vandoorne
56%
Toro Rosso New Zealander Brendon Hartley
47%
Williams Russian Sergey Sirotkin
41%
No matching quizzes found
Score Distribution
Percent of People with Each Score
Percentile by Number Answered
Your Score History
You have not taken this quiz